LEADER 00867nam a2200253 i 4500 001 991001763759707536 005 20020503153330.0 008 990204s1974 it ||| | ita 035 $ab1026940x-39ule_inst 035 $aEXGIL91091$9ExL 040 $aDip.to Filol. Ling. e Lett.$bita 082 0 $a852.91 100 1 $aArbasino, Alberto$0164375 245 10$aAmate sponde$bcommedia italiana /$cA. Arbasino e M. Missiroli 260 $a[Torino] :$bEinaudi,$c[c1974] 300 $a129 p. ;$c20 cm. 440 2$aI coralli ;$v297 700 1 $aMissiroli, Mario 907 $a.b1026940x$b21-09-06$c27-06-02 912 $a991001763759707536 945 $aLE008 Testi B V 4$g1$i2008000373443$lle008$o-$pE0.00$q-$rl$s- $t0$u0$v0$w0$x0$y.i10320751$z27-06-02 996 $aAmate sponde$9210361 997 $aUNISALENTO 998 $ale008$b01-01-99$cm$da $e-$fita$git $h0$i1 LEADER 03384nam 2200445z- 450 001 9910261143603321 005 20210211 035 $a(CKB)4100000002484656 035 $a(oapen)https://directory.doabooks.org/handle/20.500.12854/40075 035 $a(oapen)doab40075 035 $a(EXLCZ)994100000002484656 100 $a20202102d2016 |y 0 101 0 $aeng 135 $aurmn|---annan 181 $ctxt$2rdacontent 182 $cc$2rdamedia 183 $acr$2rdacarrier 200 00$aActinobacteria in Special and Extreme Habitats: Diversity; Function Roles and Environmental Adaptations 210 $cFrontiers Media SA$d2016 215 $a1 online resource (229 p.) 225 1 $aFrontiers Research Topics 311 08$a2-88945-013-9 330 $aActinobacteria are highly diverse prokaryotes that are ubiquitous in soil, freshwater and marine ecosystems. Although various studies have focused on the ecology of this phylum, data are still scant on the diversity, abundance and ecology of actinobacteria endemic to special and extreme environments, such as gut, plant, alkaline saline soil, deep sea sediments, hot springs and other habitats. Actinobacteria are well-known producers of a vast array of secondary metabolites, many of which have useful applications in medicine and agriculture. Furthermore, actinobacteria also have diverse functions in different environments apart from antibiotic production. For example, actinobacteria are reported to contribute to the break-down and recycling of organic compounds. They play a significant role in fixation of nitrogen, improvement plant growth, biodegradation, bioremediation and environmental protection. Therefore, understanding the actinobacterial diversity and distribution in such special environments is important in deciphering the ecological roles of these microorganisms and for biotechnological bioprospecting. Recent advances in cultivation, DNA sequencing technologies and -omics (metagenomics, metaproteomics etc) methods have greatly contributed to the rapid advancement of our understanding of microbial diversity, function and they interactions with environment. Furthermore, comparative genomic studies can provide overall information about actinobacterial speciation, evolution, metabolism and environment adaptation mechanisms. This research topic comprising reviews and original articles highlights the recent advances regarding the unexpectedly diverse/rare group of actinobacteria with special selective isolation methods or culture-independent methods, as well as their biological activities, ecophysiologica function and mechanisms from diverse special and extreme environments. 517 $aActinobacteria in Special and Extreme Habitats 606 $aMicrobiology (non-medical)$2bicssc 610 $aActinobacteria 610 $aActivities 610 $adiversity 610 $aenvironmental adaptation 610 $aomics technologies 610 $aspecial and extreme environments 615 7$aMicrobiology (non-medical) 700 $aSheng$b Qin$4auth$01332410 702 $aWael N. Hozzein$4auth 702 $aSyed G. Dastager$4auth 702 $aWen-Jun Li$4auth 906 $aBOOK 912 $a9910261143603321 996 $aActinobacteria in Special and Extreme Habitats: Diversity; Function Roles and Environmental Adaptations$93040952 997 $aUNINA LEADER 04006nam 22008173 450 001 996659465603316 005 20250313080342.0 010 $a9783839474372 010 $a383947437X 024 7 $a10.1515/9783839474372 035 $a(CKB)37802350600041 035 $a(MiAaPQ)EBC31953945 035 $a(Au-PeEL)EBL31953945 035 $a(DE-B1597)703932 035 $a(DE-B1597)9783839474372 035 $a(OCoLC)1506097782 035 $a(ScCtBLL)9d6f1cac-f75c-41a3-856e-813f9da0e464 035 $a(EXLCZ)9937802350600041 100 $a20250313d2025 uy 0 101 0 $ager 135 $aur||||||||||| 181 $ctxt$2rdacontent 182 $cc$2rdamedia 183 $acr$2rdacarrier 200 10$aApokalypse und Apathie $eHandlungs(un)fähigkeiten in der Klimakrise 205 $a1st ed. 210 1$aBielefeld :$ctranscript Verlag,$d2025. 210 4$d©2025. 215 $a1 online resource (0 pages) 225 0 $aClimates - Cultures - Contexts ;$v1 311 08$a9783837674378 311 08$a3837674371 327 $tFrontmatter -- $tEditorial -- $tInhalt -- $tClimates ? Cultures ? Contexts -- $tVorwort -- $tÜber Leben, Überleben und Zusammenleben im Anthropozän -- $t»Fact is that we know and do nothing« -- $t»Da geht es um alles oder nichts« -- $tBrennen und brennen lassen -- $tClimate Crisis and the Political -- $tParticipatory Speculative Design -- $tKlimakrise, Bildung, Öffentlichkeit -- $tVon der Apathie der Vernunft zur Klimakatastrophe -- $tDie Hölle ist hier -- $tWeltuntergangshoffnung! -- $t?In welcher Katastrophe leben wir eigentlich?? -- $tZwischen Apokalypseblindheit und Warnbildern -- $tDas Überleben, das immer auf das Ende wartet1 -- $tGaia-Glottie -- $tArgumentationsstrategien in Katastrophenmythen -- $t»Let?s wait for all this to blow over!« -- $tStories of Futures, Stories of Selves -- $tKlima in der Musik ? Musik für das Klima -- $tHopepunk -- $t»The birds are not birds the trees are not trees and I am not me.« -- $tGlossar -- $tDanksagung -- $tAutor*innen 330 $aDie Klimakrise prägt den öffentlichen Diskurs seit Jahrzehnten. Expert*innen und Extremwetterlagen weisen auf die potenziell apokalyptischen Konsequenzen hin, doch ein gesamtgesellschaftliches Handeln im notwendigen Maße findet nicht statt. Letztlich übersteigt die Krise unseren zeitlichen und räumlichen Erfahrungshorizont und eine rein faktenbasierte Vermittlung scheint nicht auszureichen, um Überforderung und Resignation angemessen zu begegnen. Daher loten die Beiträger*innen aus den Geistes-, Kultur- und Sozialwissenschaften neue Darstellungs- sowie Vermittlungsformen aus, um die Klimakrise als vielfältig verwobenen Problemkomplex zu erfassen ? und machen sichtbar, wie darin mögliche Weltuntergänge, Akteur*innen und ihre Möglichkeiten verhandelt werden. 606 $aSOCIAL SCIENCE / Popular Culture$2bisacsh 610 $aAgency. 610 $aApathie. 610 $aApathy. 610 $aApokalypse. 610 $aClimate Crisis. 610 $aCultural History. 610 $aCultural Studies. 610 $aCulture. 610 $aEcology. 610 $aEnd of the World. 610 $aHandlungsfähigkeit. 610 $aKlimakrise. 610 $aKultur. 610 $aKulturgeschichte. 610 $aKulturwissenschaft. 610 $aNachhaltigkeit. 610 $aNatur. 610 $aNature. 610 $aOverload. 610 $aResignation. 610 $aSustainability. 610 $aWeltuntergang. 610 $aÖkologie. 610 $aÜberforderung. 615 7$aSOCIAL SCIENCE / Popular Culture. 700 $aBöhnert$b Martin$01800750 701 $aHornisch$b Maria$01800751 701 $aRink$b Annika$01800752 701 $aArndt$b Maria$01782233 801 0$bMiAaPQ 801 1$bMiAaPQ 801 2$bMiAaPQ 906 $aBOOK 912 $a996659465603316 996 $aApokalypse und Apathie$94345681 997 $aUNISA